Is the answer 10? - sudden death - Statistics

General Stats
  • This quiz has been taken 17 times
  • The average score is 8 of 24
Answers on the Grid
Answers color-coded by a green-red scale on the quiz's grid according to % correct below.
Centimetres in a metre
Toes on a human
Members of a grand jury
50°F in Celsius
Players in a field hockey team
Commandments
X
Green bottles
Typical length of a male blue whale in metres
Countries that start with T
Plagues of Egypt
Downing St. address of the British prime minister
Words in a sentence, on average
Rocket launch countdown numbers
Miles we travel around the sun every day
The safest age
Biggest butterfly wingspan in cm
Floors on the Leaning Tower of Pisa
A grand divided by a century
Bridges over the Amazon
Canadian provinces
Speed of the fastest running insect in mph
Capital letters with curves
Distance in miles from Earth to space
Pins in a bowling frame
Square root of 100
A Pearl Jam album
Frilled sharks' gestation period in months
The sum of the first three prime numbers
Earth's approximate gravity in m/s²
Elements found in the sun
Languages of Indonesia
Tallest animal ever in metres
Amps in a fuse for applicances under 1000W
NFL Offensive Pass Interference penalty in yards
CC in the old band's name
Reds in snooker
Barriers in the 400m hurdles
Height of a giraffe in metres
Soccer penalty distance in yards
Soccer centre circle radius in yards
Average weight of a cloud in tonnes
Minimum rugby kickoff distance in metres
Maradona's number
Species of bear
Wheels on the largest self-powered land vehicle
Days skipped when the Gregorian calendar was adopted in 1582
Years after Queen Victoria's death that Irn Bru came out
 
Answer Stats
Answer % Correct
Toes on a human
100%
In Roman numerals X
85%
Commandments
69%
Downing St. address of the British prime minister
62%
Green bottles
54%
Square root of 100
54%
Pins in a bowling frame
38%
50°F in Celsius
31%
A Pearl Jam album
31%
10CC CC in the old band's name
31%
Maradona's number
31%
Rocket launch countdown numbers
31%
1000 / 100 A grand divided by a century
23%
Plagues of Egypt
23%
Canadian provinces
15%
The sum of the first three prime numbers
15%
Barriers in the 400m hurdles
8%
Thursday the 4th of October was followed by Friday the 15th Days skipped when the Gregorian calendar was adopted in 1582
8%
62 Distance in miles from Earth to space
8%
9.81 Earth's approximate gravity in m/s²
8%
Minimum rugby kickoff distance in metres
8%
NFL Offensive Pass Interference penalty in yards
8%
Soccer centre circle radius in yards
8%
The age at which you are least likely to die The safest age
8%
No matching quizzes found
Score Distribution
Percent of People with Each Score
Percentile by Number Answered
Your Score History
You have not taken this quiz